Poesie

Guardado en:
Detalles Bibliográficos
Autor principal: Kavafis Constantinos
Formato: Libro
Lenguaje:lengua desconocida
Publicado: Milano Mondadori 1991
Etiquetas: Agregar Etiqueta
Sin Etiquetas, Sea el primero en etiquetar este registro!

MARC

LEADER 00000nam a2200000Ia 4500
001 145
003 NUMERAZIONE-ORIGINALE-BRESCIA
005 20260206230748.0
008 260206s9999 xx 000 0 und d
100 |a Kavafis Constantinos 
245 0 |a Poesie 
260 |a Milano 
260 |b Mondadori 
260 |c 1991 
500 |a Oscar - Poesia 
942 |2 ddc  |c BK  |n 0 
952 |0 0  |1 0  |2 ddc  |4 0  |6 21  |7 0  |9 28336  |a BS  |b BS  |d 2026-02-06  |i 145  |l 0  |o 2-1-*  |r 2026-02-06 22:40:32  |w 2026-02-06  |x [REVISIONARE]  |y BK 
999 |c 24026  |d 24026